[Event "73. Bezirkseinzelmeisterschaft 2018-19"]
[Site "Dortmund"]
[Date "2019.08.20"]
[Round "6.14"]
[White "Zabel, Reinhard"]
[Black "Bensch, Christian"]
[Result "1-0"]
[WhiteElo "1417"]
[BlackElo "1329"]
[PlyCount "141"]
[EventDate "2019.??.??"]
[WhiteTeam "DB Brambauer"]
[BlackTeam "SC Wambel 77"]

1. e4 e5 2. Nf3 Nc6 3. Bb5 Nf6 4. Bxc6 dxc6 5. Nc3 Bg4 6. d3 Bc5 7. Be3 Bd6 8.
h3 Bh5 9. Qd2 h6 10. g4 Bg6 11. g5 hxg5 12. Bxg5 Qd7 13. h4 Nh5 14. Rg1 Qe6 15.
O-O-O Be7 16. d4 O-O-O 17. Bxe7 Qxe7 18. Nxe5 Bh7 19. Qe2 Nf4 20. Qg4+ Ne6 21.
d5 cxd5 22. exd5 f5 23. Qg3 Nc5 24. Qxg7 Qxh4 25. Qg3 Qf6 26. f4 Rhg8 27. Qf2
Ne4 28. Nxe4 fxe4 29. Kb1 Kb8 30. Rxg8 Bxg8 31. c4 Qf5 32. Ka1 c6 33. d6 Be6
34. b4 Rf8 35. Qe3 Rd8 36. Rd4 Qh7 37. Qxe4 Qxe4 38. Rxe4 Rxd6 39. Kb2 Bf5 40.
Re3 Rd2+ 41. Kb3 Kc7 42. a4 b6 43. Rg3 Rf2 44. Rf3 Rh2 45. b5 c5 46. Rg3 Rf2
47. Rg7+ Kd6 48. Rxa7 Rxf4 49. Nf7+ Ke6 50. Nd8+ Ke5 51. Nc6+ Ke4 52. a5 Rf3+
53. Kb2 Rf2+ 54. Kc3 Rf3+ 55. Kd2 Rd3+ 56. Ke1 bxa5 57. Re7+ Kf4 58. b6 Rb3 59.
b7 Rb1+ 60. Kf2 Rb2+ 61. Ke1 Rb1+ 62. Kd2 Rb2+ 63. Kc3 Rc2+ 64. Kb3 a4+ 65. Ka3
Rc3+ 66. Kxa4 Rxc4+ 67. Kb5 Bd3 68. b8=Q+ Kf3 69. Rf7+ Rf4+ 70. Kxc5 Rxf7 71.
Ne5+ 1-0

[Event "73. Bezirkseinzelmeisterschaft 2018-19"]
[Site "Dortmund"]
[Date "2019.08.20"]
[Round "6.15"]
[White "Dementyev, Sergei"]
[Black "Winkler, Daniel"]
[Result "0-1"]
[WhiteElo "846"]
[BlackElo "1364"]
[PlyCount "122"]
[EventDate "2019.??.??"]
[WhiteTeam "SF Brackel"]
[BlackTeam "SV Eichlinghofen"]

1. e4 c5 2. Nf3 Nc6 3. Bb5 d6 4. d4 Bd7 5. d5 Ne5 6. a4 Nxf3+ 7. Qxf3 g6 8. Nc3
Bg7 9. O-O a6 10. Be2 Nf6 11. Bd2 O-O 12. Qf4 e5 13. dxe6 Bxe6 14. b3 Qc7 15.
Rfe1 Nd7 16. Nd5 Bxd5 17. Rab1 Bc6 18. c4 Rfe8 19. Bd3 Re6 20. h3 Be5 21. Qh6
Bd4 22. Rf1 Bxe4 23. Bxe4 Rxe4 24. Bc1 Rae8 25. Bf4 Be5 26. Bd2 Qd8 27. Bg5 Bf6
28. Bd2 Bg7 29. Qg5 Qxg5 30. Bxg5 Bc3 31. Be3 f5 32. g3 Ne5 33. Kg2 Nd3 34.
Rbd1 Rxe3 35. fxe3 Rxe3 36. Kh2 Re2+ 37. Kg1 Bd4+ 38. Kh1 Nf2+ 39. Rxf2 Rxf2
40. Re1 Kf7 41. Rb1 Rf3 42. Kg2 Rf2+ 43. Kh1 Be5 44. Rg1 Rb2 45. h4 Rxb3 46.
Kh2 Rb4 47. Kh3 Rxa4 48. Rb1 Rb4 49. Rc1 a5 50. Rc2 Rb2 51. Rc1 Rb3 52. Rg1 a4
53. Kh2 a3 54. Rg2 Rb2 55. Kg1 a2 56. Rf2 a1=Q+ 57. Kg2 Rxf2+ 58. Kxf2 Qd4+ 59.
Kg2 Qe3 60. Kh1 Qxg3 61. h5 Qh2# 0-1

[Event "73. Bezirkseinzelmeisterschaft 2018-19"]
[Site "Dortmund"]
[Date "2019.08.20"]
[Round "6.16"]
[White "Sahakyan, Tigran"]
[Black "Fischer, Gerhard"]
[Result "1/2-1/2"]
[WhiteElo "1172"]
[BlackElo "1330"]
[PlyCount "30"]
[EventDate "2019.??.??"]
[WhiteTeam "SF Brackel"]
[BlackTeam "Marten-Bövinghausen"]

1. e4 g6 2. d4 Bg7 3. Nf3 e6 4. Bf4 Ne7 5. Nc3 O-O 6. Bd3 c6 7. O-O d5 8. e5
Nd7 9. Bg5 h6 10. Bh4 c5 11. dxc5 Nxc5 12. Qd2 a6 13. Bf6 Nd7 14. Bxg7 Kxg7 15.
Qf4 Nc6 1/2-1/2

[Event "73. Bezirkseinzelmeisterschaft 2018-19"]
[Site "Dortmund"]
[Date "2019.08.20"]
[Round "6.17"]
[White "Rabe, Mark"]
[Black "Ait Khouya, Muhammad"]
[Result "1/2-1/2"]
[WhiteElo "1134"]
[BlackElo "1015"]
[PlyCount "37"]
[EventDate "2019.??.??"]
[WhiteTeam "FS 98 Dortmund"]
[BlackTeam "SF Brackel"]

1. c4 e5 2. g3 Nf6 3. Bg2 Bc5 4. e4 d6 5. h3 Be6 6. d3 Nc6 7. a3 Qd7 8. Bf3 a6
9. Bg5 h6 10. Bxf6 gxf6 11. Bh5 f5 12. exf5 Bxf5 13. Bg4 Bxg4 14. hxg4 f5 15.
g5 h5 16. Rxh5 Rxh5 17. Qxh5+ Qf7 18. Qh8+ Qf8 19. Qh5+ 1/2-1/2

[Event "73. Bezirkseinzelmeisterschaft 2018-19"]
[Site "Dortmund"]
[Date "2019.08.20"]
[Round "6.18"]
[White "Griese, Andreas"]
[Black "Böckmann, Lieselotte"]
[Result "0-1"]
[WhiteElo "1170"]
[BlackElo "958"]
[PlyCount "112"]
[EventDate "2019.??.??"]
[WhiteTeam "Hansa Dortmund"]
[BlackTeam "FS 98 Dortmund"]

1. c4 e5 2. g3 Nf6 3. Nc3 Be7 4. Bg2 c6 5. e4 Bc5 6. d3 d6 7. h3 O-O 8. Nge2
Nbd7 9. O-O Nh5 10. Be3 Bxe3 11. fxe3 Ndf6 12. d4 Qb6 13. Qd2 c5 14. d5 Bd7 15.
Rab1 Qd8 16. Qe1 Ne8 17. g4 Qg5 18. Ng3 Nhf6 19. Nf5 Kh8 20. Qf2 g6 21. Qh4
Qxh4 22. Nxh4 Ng8 23. Rf2 g5 24. Nf5 Bxf5 25. exf5 Nef6 26. b4 b6 27. bxc5 dxc5
28. d6 Rad8 29. Rd2 h5 30. Bf3 hxg4 31. hxg4 Kg7 32. Ne4 Nh6 33. Nxf6 Kxf6 34.
d7 Nxf5 35. gxf5 Kxf5 36. Rf1 Rg8 37. Bh1+ Kg6 38. Be4+ Kg7 39. Rd6 Kf8 40. Rf5
Ke7 41. Rff6 Rxd7 42. Rxf7+ Kxd6 43. Rf6+ Ke7 44. Rf5 Rd1+ 45. Kf2 Rd2+ 46. Kg3
Rg7 47. Bd5 Rd3 48. Rxe5+ Kd7 49. Kg4 Rd2 50. Rf5 Ke7 51. Rxg5 Rxg5+ 52. Kxg5
Rxa2 53. Kf5 Rf2+ 54. Ke5 a5 55. Bc6 Rf6 56. Bd5 a4 0-1

[Event "73. Bezirkseinzelmeisterschaft 2018-19"]
[Site "Dortmund"]
[Date "2019.08.20"]
[Round "6.19"]
[White "Kommessin, Sabine"]
[Black "Richter, Tim"]
[Result "0-1"]
[WhiteElo "966"]
[BlackElo "1276"]
[PlyCount "102"]
[EventDate "2019.??.??"]
[WhiteTeam "Ewaldi Aplerbeck"]
[BlackTeam "SV Eichlinghofen"]

1. e4 c5 2. Nf3 d6 3. h3 Nc6 4. Bb5 Bd7 5. c3 a6 6. Bc4 b5 7. Bd5 e6 8. Bxc6
Bxc6 9. Qe2 Ne7 10. O-O g6 11. d4 cxd4 12. Nxd4 Bd7 13. e5 d5 14. Bg5 Bg7 15.
Qe3 Rc8 16. Qf4 Rc7 17. Bf6 O-O 18. Bxg7 Kxg7 19. Nd2 Ng8 20. N2f3 Bc8 21. Ng5
h6 22. Ngf3 Rc4 23. h4 Qe7 24. Qg4 Bd7 25. h5 Kh7 26. Nh4 g5 27. Nhf3 f5 28.
Qg3 Rfc8 29. Nd2 R4c7 30. f4 g4 31. Qd3 Qc5 32. Kh1 Qb6 33. Rae1 b4 34. Nb1 a5
35. Re3 Rc5 36. Rg3 Bb5 37. Nxb5 Qxb5 38. Qd1 Ne7 39. Re1 Nc6 40. Qc2 a4 41.
Rd1 Rc4 42. Rxg4 Nxe5 43. Rg3 Rxf4 44. Re3 Rf1+ 45. Kh2 Ng4+ 46. Kh3 Nxe3 47.
Qd2 Nxd1 48. Qd4 Rg8 49. Qa7+ Rg7 50. Kh2 Qd3 51. Qxa4 Qg3# 0-1

[Event "73. Bezirkseinzelmeisterschaft 2018-19"]
[Site "Dortmund"]
[Date "2019.08.21"]
[Round "7.1"]
[White "Wichtrup, Jan-Louis"]
[Black "Slanina, Aaron"]
[Result "1-0"]
[WhiteElo "2170"]
[BlackElo "1808"]
[PlyCount "43"]
[EventDate "2019.??.??"]
[WhiteTeam "DSV 1875"]
[BlackTeam "SF Brackel"]

1. Nf3 f5 2. d3 Nf6 3. e4 d6 4. Nc3 e5 5. d4 Nc6 6. dxe5 Nxe5 7. Nxe5 dxe5 8.
Qxd8+ Kxd8 9. Bg5 c6 10. f4 Bd6 11. Bd3 exf4 12. O-O h6 13. Bxf4 Bxf4 14. Rxf4
fxe4 15. Nxe4 Nxe4 16. Bxe4 Be6 17. Bf5 Re8 $11 18. Bg6 Rg8 19. Re1 Bd7 20. Rf7
Be8 21. Rd1+ Kc8 22. Bf5+ 1-0

[Event "73. Bezirkseinzelmeisterschaft 2018-19"]
[Site "Dortmund"]
[Date "2019.08.21"]
[Round "7.2"]
[White "Kantor, Nikita"]
[Black "Luft, Dennis"]
[Result "1/2-1/2"]
[WhiteElo "1847"]
[BlackElo "2299"]
[PlyCount "33"]
[EventDate "2019.??.??"]
[WhiteTeam "SF Brackel"]
[BlackTeam "SF Brackel"]

1. c4 e6 2. e4 d5 3. exd5 exd5 4. d4 Nf6 5. Nc3 Bb4 6. Bd3 O-O 7. Nf3 Be6 8. c5
b6 9. cxb6 axb6 10. O-O h6 11. Ne5 c5 12. Be3 Re8 13. a3 Bxc3 14. bxc3 c4 15.
Bc2 Nbd7 16. Bf4 Nxe5 17. Bxe5 1/2-1/2

[Event "73. Bezirkseinzelmeisterschaft 2018-19"]
[Site "Dortmund"]
[Date "2019.08.21"]
[Round "7.3"]
[White "Krug, Michael"]
[Black "Grube, Jörg"]
[Result "0-1"]
[WhiteElo "1891"]
[BlackElo "1815"]
[PlyCount "50"]
[EventDate "2019.??.??"]
[WhiteTeam "SC Wambel 77"]
[BlackTeam "FS 98 Dortmund"]

1. e4 a6 2. d4 b5 3. a4 Bb7 4. Bd3 Nf6 5. f3 e5 6. dxe5 Nh5 7. Be3 Be7 8. Ne2
Bg5 9. f4 Bh6 10. O-O g5 11. f5 Nc6 12. Nd4 Nf4 13. Nxc6 dxc6 14. axb5 cxb5 15.
Nc3 Qe7 16. Nxb5 axb5 17. Bxb5+ c6 18. Rxa8+ Bxa8 19. Bc4 O-O 20. Qd6 Qxd6 21.
exd6 c5 22. e5 Bxg2 23. Rd1 Bc6 24. e6 fxe6 25. fxe6 Nh3# 0-1

[Event "73. Bezirkseinzelmeisterschaft 2018-19"]
[Site "Dortmund"]
[Date "2019.08.21"]
[Round "7.4"]
[White "Schulz-Runge, Michael"]
[Black "Richter, Jan"]
[Result "1-0"]
[WhiteElo "1758"]
[BlackElo "1745"]
[PlyCount "143"]
[EventDate "2019.??.??"]
[WhiteTeam "FS 98 Dortmund"]
[BlackTeam "SV Eichlinghofen"]

1. c4 f5 2. g3 Nf6 3. Bg2 g6 4. Nc3 Bg7 5. e3 O-O 6. Nge2 d6 7. d3 Qe8 8. O-O
c6 9. Rb1 Na6 10. b4 Nc7 11. b5 d5 12. bxc6 bxc6 13. Qa4 e6 14. Ba3 Rf7 15. Bd6
Qd7 16. Be5 Bf8 17. Rfd1 Ng4 $11 18. Bxc7 Qxc7 19. cxd5 cxd5 20. Nxd5 exd5 21.
Bxd5 Rb8 22. Rbc1 Qe7 23. Qf4 Rb4 24. Bxf7+ Qxf7 25. e4 Ba6 26. h3 Nf6 27. Rc7
Qxa2 28. Qe5 Rb6 29. Nf4 Bd6 30. Rg7+ Kxg7 31. Ne6+ Kf7 32. Nd8+ Kg7 33. Qd4
Qg8 34. e5 Qxd8 35. Rc1 Be7 36. exf6+ Bxf6 37. Qf4 Bxd3 38. Rc7+ Be7 39. Qe5+
Kg8 40. Rxe7 Rb1+ 41. Kh2 Qxe7 42. Qxe7 Be4 43. g4 Rb7 44. Qe6+ Rf7 45. Kg3 g5
46. f4 gxf4+ 47. Kxf4 fxg4+ 48. Kxe4 gxh3 49. Qc8+ Kg7 50. Qg4+ Kf6 51. Qh4+
Kg6 52. Ke5 h2 53. Qg3+ Kh6 54. Qxh2+ Kg5 55. Qg3+ Kh5 56. Ke6 Rf8 57. Qh3+ Kg5
58. Qe3+ Kg6 59. Qg1+ Kh6 60. Qxa7 Kg6 61. Qe7 Rf2 62. Qe8+ Kg5 63. Qg8+ Kf4
64. Qxh7 Re2+ 65. Kf6 Re4 66. Qh3 Rd4 67. Qh2+ Ke4 68. Ke6 Rd3 69. Qg2+ Rf3 70.
Qg4+ Rf4 71. Qe2+ Kd4 72. Qe5+ 1-0

[Event "73. Bezirkseinzelmeisterschaft 2018-19"]
[Site "Dortmund"]
[Date "2019.08.21"]
[Round "7.5"]
[White "Strack, Patrick"]
[Black "Tomasjan, Samuel"]
[Result "1-0"]
[WhiteElo "1627"]
[BlackElo "1662"]
[PlyCount "39"]
[EventDate "2019.??.??"]
[WhiteTeam "SF Brackel"]
[BlackTeam "SF Brackel"]

1. c4 e6 2. Nc3 Nf6 3. e4 Nc6 4. Nf3 d5 5. e5 Nd7 6. d4 dxc4 7. Bxc4 Nb6 8. Bb3
Bb4 9. O-O Bxc3 10. bxc3 O-O 11. Bc2 h6 12. Qd3 f5 13. exf6 Qxf6 14. Qh7+ Kf7
15. Ne5+ Ke8 16. Nxc6 bxc6 17. Ba3 Ba6 18. Bxf8 Kxf8 19. Rfe1 Nd5 20. Qh8+ 1-0

[Event "73. Bezirkseinzelmeisterschaft 2018-19"]
[Site "Dortmund"]
[Date "2019.08.21"]
[Round "7.6"]
[White "Sprungala, Erik"]
[Black "Schacht, Jürgen"]
[Result "1-0"]
[WhiteElo "1833"]
[BlackElo "1462"]
[PlyCount "67"]
[EventDate "2019.??.??"]
[WhiteTeam "Rochade Eving"]
[BlackTeam "Rochade Eving"]

1. d4 f5 2. Nc3 Nf6 3. Bg5 e6 4. e4 fxe4 5. Nxe4 Be7 6. Bxf6 Bxf6 7. c3 Qe7 8.
Bd3 b6 9. Nf3 Bb7 10. Qe2 a5 11. h4 Nc6 12. Neg5 g6 13. a4 Nd8 14. Qc2 Nf7 15.
Nxf7 Qxf7 16. Be4 Bxe4 17. Qxe4 d5 18. Qe2 h6 19. Kf1 Qe7 20. Re1 Kf7 21. Rh3
g5 22. Ne5+ Kg7 23. Rg3 Rhg8 24. Qd3 Qe8 25. f4 Kf8 26. fxg5 hxg5 27. Rf3 Ke7
28. Ng4 Rf8 29. Kg1 Qh5 30. Nxf6 Rxf6 31. Rxf6 Kxf6 32. Qe3 Re8 33. Qe5+ Kg6
34. Rf1 1-0

[Event "73. Bezirkseinzelmeisterschaft 2018-19"]
[Site "Dortmund"]
[Date "2019.08.21"]
[Round "7.7"]
[White "Kaluza, Lucas"]
[Black "Begna, Bozidar"]
[Result "1-0"]
[WhiteElo "1528"]
[BlackElo "2042"]
[PlyCount "131"]
[EventDate "2019.??.??"]
[WhiteTeam "SF Brackel"]
[BlackTeam "Hansa Dortmund"]

1. d4 d6 2. c4 e5 3. dxe5 dxe5 4. Qxd8+ Kxd8 5. Nf3 f6 6. g3 Be6 7. b3 Bb4+ 8.
Bd2 Bxd2+ 9. Nbxd2 Nd7 10. Bg2 Nh6 11. O-O c6 12. Rfd1 Kc7 13. Ne4 Nf7 14. Rd2
Rhd8 15. Rad1 Nf8 16. Nc5 Bc8 17. b4 Rxd2 18. Nxd2 Ne6 19. Ncb3 Ned8 20. c5 Be6
21. e3 b5 22. f4 Nb7 23. a3 a5 24. Ra1 a4 25. Nc1 Rd8 26. Nf3 Rd1+ 27. Kf2 Bc4
28. Ng1 Nbd8 29. Bf3 Rd2+ 30. Nce2 f5 31. Ke1 Rd3 32. e4 g6 33. Nc1 Rd7 34.
exf5 gxf5 35. Nge2 e4 36. Bh5 Nh6 37. h3 Ne6 38. g4 Ng7 39. Ng3 Nxh5 40. gxh5
Be6 41. Nce2 Bb3 42. Kf2 Rd3 43. Rc1 Bc4 44. Rc3 Rd2 45. Ke3 Bxe2 46. Kxd2 Bf3
47. Nf1 Kd7 48. Ke3 Ke6 49. Rc2 Nf7 50. Rd2 Bxh5 51. Ng3 Bf3 52. Ne2 Bxe2 53.
Kxe2 h5 54. Ke3 h4 55. Rg2 Nd8 56. Rg6+ Ke7 57. Rh6 Ne6 58. Rxh4 Nc7 59. Rh7+
Kd8 60. Rf7 Nd5+ 61. Kd4 Nxf4 62. Rxf5 Nxh3 63. Kxe4 Ke7 64. Kf3 Ke6 65. Rh5
Ng1+ 66. Kf2 1-0

[Event "73. Bezirkseinzelmeisterschaft 2018-19"]
[Site "Dortmund"]
[Date "2019.08.21"]
[Round "7.8"]
[White "Barskij, Aleksandr"]
[Black "Burchert, Wolfgang"]
[Result "1/2-1/2"]
[WhiteElo "1890"]
[BlackElo "2057"]
[PlyCount "25"]
[EventDate "2019.??.??"]
[WhiteTeam "SF Brackel"]
[BlackTeam "Hansa Dortmund"]

1. e4 c5 2. Nc3 Nc6 3. Bb5 g6 4. Bxc6 dxc6 5. d3 Bg7 6. f4 Nf6 7. Nf3 O-O 8.
O-O b6 9. Qe1 e6 10. Kh1 Ne8 11. Be3 Nc7 12. a4 a5 13. Ne5 $11 1/2-1/2

[Event "73. Bezirkseinzelmeisterschaft 2018-19"]
[Site "Dortmund"]
[Date "2019.08.21"]
[Round "7.9"]
[White "Surmann, Christoph"]
[Black "Alghawi, Abdullah"]
[Result "0-1"]
[WhiteElo "1764"]
[BlackElo "1906"]
[PlyCount "96"]
[EventDate "2019.??.??"]
[WhiteTeam "DSV 1875"]
[BlackTeam "FS 98 Dortmund"]

1. d4 Nf6 2. c4 g6 3. Nc3 Bg7 4. e4 d6 5. Be2 O-O 6. Bg5 c5 7. d5 a6 8. a4 e6
9. Nf3 exd5 10. cxd5 Re8 11. Nd2 Qc7 12. O-O Nbd7 13. Qc2 Ne5 14. Nc4 Nxc4 15.
Bxc4 Ng4 16. Rae1 Bd7 17. h3 Ne5 18. Be2 f5 19. f3 c4 20. g4 Rf8 21. gxf5 gxf5
22. f4 Ng6 23. Bh5 fxe4 24. Nxe4 Bxh3 25. Rf3 Bf5 26. Kh2 b5 27. Qg2 bxa4 28.
Ng3 Qa5 29. Rfe3 Rab8 30. Nxf5 Rxf5 31. Bxg6 hxg6 32. Re7 Rxd5 33. Rxg7+ Kxg7
34. Re7+ Kg8 35. Qe4 Rxb2+ 36. Kg3 Rd3+ 37. Kg4 Qf5+ 38. Qxf5 gxf5+ 39. Kxf5
Rb5+ 40. Kf6 Rxg5 41. Re8+ Kh7 42. Re7+ Rg7 43. Rxg7+ Kh6 44. Rg1 Kh5 45. Kf5
Kh4 46. Ke6 d5 47. f5 d4 48. f6 Rf3 0-1

[Event "73. Bezirkseinzelmeisterschaft 2018-19"]
[Site "Dortmund"]
[Date "2019.08.21"]
[Round "7.10"]
[White "Sonntag, Hans-Joachim"]
[Black "Zabel, Reinhard"]
[Result "1-0"]
[WhiteElo "1700"]
[BlackElo "1417"]
[PlyCount "71"]
[EventDate "2019.??.??"]
[WhiteTeam "FS 98 Dortmund"]
[BlackTeam "DB Brambauer"]

1. e4 e5 2. Nf3 Nc6 3. d3 Nf6 4. Nc3 d5 5. Bg5 Be7 6. Bxf6 Bxf6 7. Nxd5 Be6 8.
c4 Nd4 9. Nxd4 exd4 10. f4 c6 11. Nxf6+ Qxf6 12. Qf3 Qe7 13. a3 Rb8 14. b4 O-O
15. f5 Bd7 16. Be2 Qe5 17. O-O a6 18. c5 Rfe8 19. Bd1 Qf6 20. Qf4 Qe5 21. Qg5
Qf6 22. Qg3 Qe5 23. Rf4 b6 24. Rc1 b5 25. Bb3 Ra8 26. h4 Qf6 27. h5 h6 28. Qg6
Re7 29. Re1 Qxg6 30. hxg6 Kf8 31. gxf7 Re5 32. Kf2 Ra7 33. Rh1 Ke7 34. f6+ gxf6
35. Rxh6 f5 36. Rh8 1-0

[Event "73. Bezirkseinzelmeisterschaft 2018-19"]
[Site "Dortmund"]
[Date "2019.08.21"]
[Round "7.11"]
[White "Winkler, Daniel"]
[Black "Jentzsch, Wilfried W"]
[Result "1-0"]
[WhiteElo "1364"]
[BlackElo "1338"]
[PlyCount "115"]
[EventDate "2019.??.??"]
[WhiteTeam "SV Eichlinghofen"]
[BlackTeam "SF Brackel"]

1. e4 c5 2. Nf3 Nc6 3. d4 cxd4 4. Nxd4 e5 5. Nf3 Bc5 6. Nc3 Nf6 7. Bg5 Qb6 8.
Na4 Bxf2+ 9. Ke2 Qb5+ 10. Kxf2 Qxa4 11. Bxf6 gxf6 12. Bd3 Nd4 13. Nd2 d6 14. b3
Qc6 15. Bc4 Qb6 16. Kf1 Be6 17. c3 Nc6 18. Bxe6 fxe6 19. Nc4 Qc7 20. Qxd6 Qxd6
21. Nxd6+ Ke7 22. Nxb7 Rab8 23. Nc5 Rbd8 24. Ke2 Rhg8 25. g3 f5 26. Rhg1 h5 27.
h3 f4 28. g4 h4 29. Rad1 Rxd1 30. Rxd1 Rd8 31. Rxd8 Nxd8 32. Nd3 Nf7 33. Ne1
Ng5 34. Nf3 Nxe4 35. Kd3 Nf2+ 36. Ke2 Nxh3 37. Nxh4 e4 38. c4 f3+ 39. Kf1 f2
40. Ng2 Kd6 41. Ne3 Kc5 42. Nd1 Kd4 43. Nxf2 Ng5 44. Ke2 Nf3 45. Nd1 Ng5 46.
Ne3 a5 47. Nc2+ Kc3 48. c5 Kxc2 49. c6 Nf7 50. c7 Nd6 51. g5 Nc8 52. g6 Kb2 53.
g7 Ne7 54. c8=Q Nxc8 55. g8=Q Kxa2 56. Qxc8 Kxb3 57. Qxe6+ Kb2 58. Qxe4 1-0

[Event "73. Bezirkseinzelmeisterschaft 2018-19"]
[Site "Dortmund"]
[Date "2019.08.21"]
[Round "7.12"]
[White "Lauche, Christoph"]
[Black "Rauschenbusch, Udo"]
[Result "1-0"]
[WhiteElo "1775"]
[BlackElo "1637"]
[PlyCount "97"]
[EventDate "2019.??.??"]
[WhiteTeam "FS 98 Dortmund"]
[BlackTeam "FS 98 Dortmund"]

1. e4 d6 2. d4 g6 3. Nc3 Bg7 4. Be3 c6 5. Bd3 Nd7 6. f4 e5 7. Nf3 Ne7 8. O-O
O-O 9. Qd2 b5 10. a3 Bb7 11. Rad1 Qc7 12. dxe5 dxe5 13. f5 Rad8 14. fxg6 Nxg6
15. Ne2 Nf6 16. Qc3 a6 17. Ng3 Bc8 18. h3 Nd5 19. exd5 e4 20. Bd4 Bxd4+ 21.
Nxd4 Qxg3 22. Bxe4 Qxc3 23. bxc3 cxd5 {(=)} 24. Nc6 Rde8 25. Bxd5 Re2 26. Rf2
Rxf2 27. Kxf2 Re8 28. Bf3 Kg7 29. Rd8 Rxd8 30. Nxd8 Ne5 31. Bd5 Kf6 32. Ke3 Ke7
33. Nc6+ Nxc6 34. Bxc6 Kd6 35. Be4 h6 36. Kd4 Be6 37. Bd3 Bd5 38. g3 f6 39. c4
bxc4 40. Bxc4 Bg2 41. h4 a5 42. Bd3 Bc6 43. c4 Bg2 44. Be4 Bxe4 45. Kxe4 Kc5
46. Kd3 f5 47. h5 Kc6 48. Kd4 Kd6 49. a4 1-0

[Event "73. Bezirkseinzelmeisterschaft 2018-19"]
[Site "Dortmund"]
[Date "2019.08.21"]
[Round "7.13"]
[White "Sahakyan, Tigran"]
[Black "Borch, Roland"]
[Result "1/2-1/2"]
[WhiteElo "1172"]
[BlackElo "1520"]
[PlyCount "94"]
[EventDate "2019.??.??"]
[WhiteTeam "SF Brackel"]
[BlackTeam "Marten-Bövinghausen"]

1. e4 g6 2. Nc3 Bg7 3. d4 c5 4. Nge2 cxd4 5. Nxd4 Nc6 6. Be3 d6 7. Bb5 Bd7 8.
O-O Nf6 9. Qd2 Ne5 10. Qe2 O-O 11. f4 Neg4 12. Bxd7 Qxd7 13. Bd2 Nxh2 14. Kxh2
Ng4+ 15. Kg3 h5 16. Nf3 Bf6 17. Rh1 Kg7 18. Nd5 Bxb2 19. Bc3+ Bxc3 20. Nxc3
Rac8 21. Qd3 Qc6 22. Nd5 Qxc2 23. Qxc2 Rxc2 24. Nxe7 Re8 25. Nd5 Rxe4 26. Rhe1
Rxe1 27. Nxe1 Rd2 28. Nb4 a5 29. Nbc2 b5 30. Rb1 Rd5 31. Kf3 f5 32. a3 Kf6 33.
Rb3 Rc5 34. g3 g5 35. Rd3 d5 36. Rd4 gxf4 37. Rxf4 Rc3+ 38. Kg2 Ne3+ 39. Nxe3
Rxe3 40. Nc2 Re2+ 41. Rf2 Rxf2+ 42. Kxf2 Ke5 43. Ke3 b4 44. axb4 axb4 45. Nxb4
d4+ 46. Kf3 Ke6 47. Kf4 Kf6 1/2-1/2

[Event "73. Bezirkseinzelmeisterschaft 2018-19"]
[Site "Dortmund"]
[Date "2019.08.21"]
[Round "7.14"]
[White "Maghrbi, Bassam"]
[Black "Ziemek, Gerhard"]
[Result "0-1"]
[WhiteElo "1207"]
[BlackElo "1519"]
[PlyCount "90"]
[EventDate "2019.??.??"]
[WhiteTeam "FS 98 Dortmund"]
[BlackTeam "Marten-Bövinghausen"]

1. d4 d5 2. Bf4 Nc6 3. e3 e6 4. c3 Nf6 5. Be2 Be7 6. Nd2 O-O 7. Ngf3 a6 8. Qc2
b5 9. h3 b4 10. Bd3 a5 11. O-O Ba6 12. Bxa6 Rxa6 13. Ne5 Nxe5 14. Bxe5 Nd7 15.
Bh2 c5 16. Nf3 Nf6 17. Qd3 c4 18. Qc2 Ne4 19. Bf4 Rb6 20. Nd2 Nf6 21. Rab1 Qd7
22. Rfc1 Nh5 23. Be5 f6 24. Bh2 g6 25. b3 bxc3 26. bxc4 Rxb1 27. Nxb1 Rc8 28.
c5 e5 29. Nxc3 exd4 30. exd4 f5 31. Be5 Bg5 32. Rb1 Bf4 33. Bxf4 Nxf4 34. Ne2
Ne6 35. Rb6 Ng5 36. f3 Qc7 37. Rd6 Qxd6 38. cxd6 Rxc2 39. d7 Ne6 40. Nf4 Nd8
41. Ne6 Nxe6 42. g4 fxg4 43. hxg4 Rxa2 44. f4 Kf7 45. f5 Nd8 0-1

[Event "73. Bezirkseinzelmeisterschaft 2018-19"]
[Site "Dortmund"]
[Date "2019.08.21"]
[Round "7.15"]
[White "Pachura, Karl-Heinz"]
[Black "Dementyev, Sergei"]
[Result "1-0"]
[WhiteElo "1435"]
[BlackElo "846"]
[PlyCount "67"]
[EventDate "2019.??.??"]
[WhiteTeam "SF Brackel"]
[BlackTeam "SF Brackel"]

1. e4 e5 2. Nf3 Nc6 3. Bb5 Nge7 4. O-O d6 5. d4 exd4 6. Nxd4 Bd7 7. c3 a6 8.
Bc4 Nxd4 9. cxd4 Bb5 10. b3 d5 11. exd5 Nxd5 12. Re1+ Be7 13. Bxd5 Qxd5 14. Ba3
O-O 15. Rxe7 Bc6 16. f3 b5 17. Re5 Qd7 18. Bxf8 Rxf8 19. Nc3 Qd6 20. Ne4 Qb4
21. Qd2 Qa3 22. Rc5 Ba8 23. Rxc7 Bd5 24. Rac1 Be6 25. d5 Bf5 26. Ng3 Bg6 27.
Rc8 h6 28. Rxf8+ Qxf8 29. d6 Qa8 30. d7 Kh7 31. d8=Q Qa7+ 32. Kh1 f6 33. Qc7
Qxc7 34. Rxc7 1-0

[Event "73. Bezirkseinzelmeisterschaft 2018-19"]
[Site "Dortmund"]
[Date "2019.08.21"]
[Round "7.16"]
[White "Böckmann, Lieselotte"]
[Black "Fischer, Gerhard"]
[Result "0-1"]
[WhiteElo "958"]
[BlackElo "1330"]
[PlyCount "72"]
[EventDate "2019.??.??"]
[WhiteTeam "FS 98 Dortmund"]
[BlackTeam "Marten-Bövinghausen"]

1. c4 g6 2. g3 Bg7 3. Bg2 c6 4. e4 e5 5. Nc3 d6 6. Nf3 Bg4 7. Qb3 Bxf3 8. Bxf3
Qb6 9. Qa3 Qd8 10. d3 Bf8 11. Qb3 Nd7 12. Qd1 Bg7 13. Be3 Ne7 14. h4 O-O 15. h5
Nf6 16. h6 Bh8 17. Kd2 Nd7 18. Qf1 f5 19. Qh3 f4 20. Qe6+ Rf7 21. gxf4 Nf8 22.
Qg4 exf4 23. Bxf4 Be5 24. Bxe5 dxe5 25. Rh5 Rf4 26. Qg3 Qd6 27. Ne2 Rf6 28. Rh4
Rd8 29. Bg4 Ne6 30. a3 Nc5 31. Nc1 Nxe4+ 32. Ke1 Nxg3 33. fxg3 Nf5 34. Rh3 Qd4
35. Ne2 Qxg4 36. Rh1 Nxg3 0-1

[Event "73. Bezirkseinzelmeisterschaft 2018-19"]
[Site "Dortmund"]
[Date "2019.08.21"]
[Round "7.17"]
[White "Bensch, Christian"]
[Black "Rabe, Mark"]
[Result "1-0"]
[WhiteElo "1329"]
[BlackElo "1134"]
[PlyCount "85"]
[EventDate "2019.??.??"]
[WhiteTeam "SC Wambel 77"]
[BlackTeam "FS 98 Dortmund"]

1. d4 d5 2. Nc3 Nf6 3. Bf4 Nc6 4. Nb5 e5 5. Bxe5 Nxe5 6. dxe5 Ng4 7. Nf3 c6 8.
Nbd4 Bc5 9. e3 Qa5+ 10. c3 O-O 11. h3 Nh6 12. b4 Bxb4 13. cxb4 Qxb4+ 14. Nd2 c5
15. Nc2 Qa5 16. Be2 Qb6 17. O-O Qg6 18. g4 f6 19. exf6 Rxf6 20. Nb3 b6 21.
Qxd5+ Rf7 22. Qxa8 Rf8 23. Qd5+ Be6 24. Qd6 Nf7 25. Qg3 Qxc2 26. Bf3 Ng5 27.
Bg2 h6 28. Qe5 Rf3 29. h4 Nh3+ 30. Bxh3 Rxh3 31. Qxe6+ Kh7 32. Qf5+ Qxf5 33.
gxf5 Rxh4 34. Rfd1 Rg4+ 35. Kh2 h5 36. Rd7 Kg8 37. Rxa7 Kh7 38. f3 Rc4 39. Rg1
Rc2+ 40. Kh3 Kh6 41. Rg6+ Kh7 42. Rgxg7+ Kh6 43. Rg6# 1-0

[Event "73. Bezirkseinzelmeisterschaft 2018-19"]
[Site "Dortmund"]
[Date "2019.08.21"]
[Round "7.18"]
[White "Ait Khouya, Muhammad"]
[Black "Richter, Tim"]
[Result "0-1"]
[WhiteElo "1015"]
[BlackElo "1276"]
[PlyCount "74"]
[EventDate "2019.??.??"]
[WhiteTeam "SF Brackel"]
[BlackTeam "SV Eichlinghofen"]

1. e4 c5 2. Nf3 d6 3. Bc4 h6 4. Nc3 Bd7 5. d3 e5 6. Be3 a6 7. Nd5 Nf6 8. c3 b5
9. Bb3 Nxd5 10. Bxd5 Bc6 11. Bb3 Nd7 12. d4 exd4 13. cxd4 c4 14. Bc2 d5 15.
exd5 Bxd5 16. b3 Bb4+ 17. Nd2 Bc3 18. Rb1 Qh4 19. bxc4 bxc4 20. O-O O-O 21. Nf3
Qg4 22. h3 Bxf3 23. Qxf3 Qxf3 24. gxf3 Nf6 25. Be4 Nxe4 26. fxe4 Rfd8 27. Rfd1
Ba5 28. Bd2 c3 29. Ra1 cxd2 30. d5 Rab8 31. a4 Rb4 32. f3 Rd4 33. Ra2 Rc8 34.
Raa1 Rdc4 35. Kf2 Rc1 36. Ke2 Rxa1 37. Rxa1 Rc1 0-1

[Event "73. Bezirkseinzelmeisterschaft 2018-19"]
[Site "Dortmund"]
[Date "2019.08.21"]
[Round "7.19"]
[White "Griese, Andreas"]
[Black "Kommessin, Sabine"]
[Result "0-1"]
[WhiteElo "1170"]
[BlackElo "966"]
[PlyCount "82"]
[EventDate "2019.??.??"]
[WhiteTeam "Hansa Dortmund"]
[BlackTeam "Ewaldi Aplerbeck"]

1. c4 e5 2. Nc3 Nc6 3. g3 Bb4 4. Bg2 Nf6 5. e4 O-O 6. Nge2 d6 7. O-O Bg4 8. d3
Nd4 9. f3 Bh5 10. Bd2 Bc5 11. Kh1 h6 12. Rb1 c6 13. Nxd4 Bxd4 14. Ne2 Bc5 15.
b4 Bb6 16. Qc1 d5 17. g4 Nxg4 18. fxg4 Bxg4 19. Ng3 dxe4 20. dxe4 Re8 21. c5
Bc7 22. Nf5 Re6 23. Bf3 Bxf5 24. exf5 Rf6 25. Be4 Qd4 26. Qe1 Rd8 27. Rd1 Qc4
28. a4 Rd4 29. Bg2 e4 30. Be3 Rxd1 31. Qxd1 Qc3 32. Qd2 Qe5 33. Bf4 Qe7 34.
Bxc7 Qxc7 35. Bxe4 Qe5 36. Qd3 b6 37. cxb6 axb6 38. Rc1 c5 39. bxc5 bxc5 40.
Qd5 Qf4 41. Rxc5 Qf1# 0-1